[Event "EU-chT Seniors 03rd"]
[Site "Dresden"]
[Date "2001.03.02"]
[Round "6.4"]
[White "Neese, Hans Joachim"]
[Black "Bebchuk, Evgeni"]
[Result "1/2-1/2"]
[WhiteElo "2157"]
[BlackElo "2335"]
[EventDate "2001.02.26"]
[PlyCount "63"]

1.d4 g6 2.c4 Bg7 3.Nc3 d6 4.e4 c6 5.Be3 Nf6 6.f3 Nbd7 7.Bd3 e5 8.d5 a5 9.
Nge2 O-O 10.O-O Qe7 11.Qd2 Nc5 12.Bc2 cxd5 13.cxd5 Bd7 14.Nc1 b5 15.b3 b4 
16.N3e2 Rfc8 17.Nd3 Bb5 18.Nxc5 dxc5 19.Bd3 c4 20.bxc4 Bxc4 21.Rfc1 Bxd3 
22.Qxd3 Qb7 23.Rxc8+ Rxc8 24.Rc1 Bf8 25.Kf2 a4 26.Qd1 Ra8 27.Rc6 Nd7 28.
Nc1 Qb5 29.Qc2 Rb8 30.Rc7 Bd6 31.Rc6 Be7 32.Rc7 1/2-1/2

[Event "EU-chT Seniors 03rd"]
[Site "Dresden"]
[Date "2001.03.02"]
[Round "6.4"]
[White "Niedermayr, Horst"]
[Black "Bakhmatov, Eduard"]
[Result "1/2-1/2"]
[WhiteElo "2216"]
[BlackElo "2246"]
[EventDate "2001.02.26"]
[PlyCount "35"]

1.e4 d5 2.exd5 Qxd5 3.Nc3 Qa5 4.d4 Nf6 5.Bc4 c6 6.Nf3 Bg4 7.h3 Bxf3 8.Qxf3
e6 9.O-O Be7 10.Bb3 Nbd7 11.Bd2 Qc7 12.Bf4 Bd6 13.Bxd6 Qxd6 14.Rad1 O-O 
15.Rfe1 Rad8 16.Ne4 Nxe4 17.Qxe4 Nf6 18.Qe5 1/2-1/2

[Event "EU-chT Seniors 03rd"]
[Site "Dresden"]
[Date "2001.03.02"]
[Round "6.4"]
[White "Oelert, Ralf"]
[Black "Zanger, Konrad"]
[Result "1-0"]
[WhiteElo "1849"]
[BlackElo "1679"]
[EventDate "2001.02.26"]
[PlyCount "85"]

1.e4 c5 2.Nf3 g6 3.c3 Bg7 4.d4 cxd4 5.cxd4 d6 6.Be3 Nf6 7.Nc3 O-O 8.h3 a6 
9.Qd2 Nbd7 10.Bd3 b5 11.e5 Ne8 12.Be4 Rb8 13.Bg5 Bb7 14.Rd1 Nb6 15.Bxb7 
Rxb7 16.b3 f6 17.Bh6 Rc7 18.Bxg7 Kxg7 19.O-O Qc8 20.Rc1 Qd7 21.Ne4 Rxc1 
22.Rxc1 Qb7 23.Qc2 h6 24.exd6 exd6 25.Qc6 Qb8 26.Nh4 f5 27.Nc5 Rf6 28.Nxa6
Qd8 29.Qxb5 Re6 30.Nf3 Nd7 31.Qb7 Re7 32.Rc8 Qb6 33.Qxb6 Nxb6 34.Rb8 Nd5 
35.Nb4 Nc3 36.a4 Nf6 37.Rb6 Nfe4 38.a5 Ne2+ 39.Kf1 Nc1 40.a6 Re8 41.Nd5 
Ra8 42.Rb7+ Kf8 43.Nc7 1-0

[Event "EU-chT Seniors 03rd"]
[Site "Dresden"]
[Date "2001.03.02"]
[Round "6.4"]
[White "Piekarz, Peter"]
[Black "Rodemann, Edmund"]
[Result "0-1"]
[WhiteElo "2024"]
[BlackElo "1945"]
[EventDate "2001.02.26"]
[PlyCount "68"]

1.d4 f5 2.Nf3 Nf6 3.g3 g6 4.Bg2 Bg7 5.O-O O-O 6.c4 d6 7.Nc3 Qe8 8.Re1 Qf7 
9.Qd3 h6 10.h4 Nc6 11.a3 e5 12.dxe5 dxe5 13.e4 fxe4 14.Nxe4 Nxe4 15.Qxe4 
Bf5 16.Qe3 Rad8 17.Nd2 Nd4 18.Bd5 Be6 19.Qxd4 Rxd5 20.Qe3 Rd3 21.Qe2 Bf5 
22.Rf1 Rfd8 23.b4 e4 24.Ra2 Re8 25.Nb1 Qe6 26.Be3 Bg4 27.Qc2 Bf3 28.Kh2 
Red8 29.Nd2 Bg4 30.c5 Bc3 31.Bxh6 Bxd2 32.Bxd2 Rxd2 33.Qxd2 Rxd2 34.Rxd2 
Bf3 0-1

[Event "EU-chT Seniors 03rd"]
[Site "Dresden"]
[Date "2001.03.02"]
[Round "6.4"]
[White "Schmitthoefer, Herbert"]
[Black "Litterst, Reinhard"]
[Result "1/2-1/2"]
[WhiteElo "1738"]
[BlackElo "1930"]
[EventDate "2001.02.26"]
[PlyCount "27"]

1.d4 d6 2.Nf3 g6 3.c4 Bg7 4.Nc3 Nf6 5.e4 O-O 6.Be2 c6 7.Be3 Ng4 8.Bg5 h6 
9.Bh4 Qc7 10.h3 Nf6 11.e5 dxe5 12.dxe5 Nh5 13.g4 Nf4 14.Bg3 1/2-1/2

[Event "EU-chT Seniors 03rd"]
[Site "Dresden"]
[Date "2001.03.02"]
[Round "6.4"]
[White "Starck, Bodo"]
[Black "Barnstedt, Dietrich"]
[Result "1-0"]
[WhiteElo "2176"]
[BlackElo "2054"]
[EventDate "2001.02.26"]
[PlyCount "49"]

1.d4 d5 2.c4 e5 3.dxe5 d4 4.Nf3 Nc6 5.g3 Be6 6.Nbd2 Bb4 7.Qc2 Qd7 8.Bg2 
Nge7 9.O-O Bh3 10.Nb3 Bxg2 11.Kxg2 Ng6 12.Rd1 h5 13.Nbxd4 Ncxe5 14.Nxe5 
Nxe5 15.Bf4 Ng6 16.Qe4+ Kf8 17.Qxb7 Nxf4+ 18.gxf4 Qg4+ 19.Kh1 Re8 20.Qxb4+
Kg8 21.Qb5 Kh7 22.Rg1 Qxf4 23.e3 Qe4+ 24.f3 Qxe3 25.Rxg7+ 1-0

[Event "EU-chT Seniors 03rd"]
[Site "Dresden"]
[Date "2001.03.03"]
[Round "7.1"]
[White "Bednarski, Jacek B"]
[Black "Rotstein, Jefim"]
[Result "1/2-1/2"]
[WhiteElo "2280"]
[BlackElo "2344"]
[EventDate "2001.02.26"]
[PlyCount "111"]

1.e4 c5 2.Nf3 e6 3.d4 cxd4 4.Nxd4 Nf6 5.Nc3 d6 6.Be2 a6 7.f4 Qc7 8.O-O Be7
9.Kh1 O-O 10.g4 d5 11.exd5 Nxd5 12.Nxd5 exd5 13.Bf3 Nc6 14.c3 Bd7 15.Nc2 
Bd6 16.Ne3 Ne7 17.Nxd5 Nxd5 18.Bxd5 Bb5 19.Re1 Rad8 20.Qf3 Be7 21.c4 Bh4 
22.Re4 Bc6 23.Re2 Bxd5 24.cxd5 Qc4 25.Bd2 Bf6 26.b3 Qxd5 27.Qxd5 Rxd5 28.
Rc1 Rfd8 29.Be3 h5 30.h3 Re8 31.Rd2 Rxd2 32.Bxd2 Re2 33.Rd1 Be7 34.gxh5 
Kh7 35.Re1 Rxe1+ 36.Bxe1 Kh6 37.Bc3 Bf8 38.Kg2 Kxh5 39.Be1 Kg6 40.Kf3 Kf5 
41.Bd2 g6 42.Be3 Be7 43.Bd2 Bf6 44.Be3 Bd8 45.Bd2 Ke6 46.Ke4 Bb6 47.Bc1 
f5+ 48.Kd3 Kd5 49.Bd2 Bc5 50.Bc1 Bb4 51.Be3 b5 52.Bc1 Be7 53.Bd2 Kc5 54.
Be3+ Kb4 55.Kc2 Bd6 56.Kb2 1/2-1/2

[Event "EU-chT Seniors 03rd"]
[Site "Dresden"]
[Date "2001.03.03"]
[Round "7.1"]
[White "Boehnisch, Manfred"]
[Black "Baumgartner, Heinz"]
[Result "1/2-1/2"]
[WhiteElo "2265"]
[BlackElo "2366"]
[EventDate "2001.02.26"]
[PlyCount "54"]

1.e4 e5 2.Nf3 Nc6 3.Nc3 g6 4.d4 exd4 5.Nd5 Bg7 6.Bg5 Nce7 7.Nxd4 c6 8.Nc3 
h6 9.Bf4 d5 10.Qd2 Nf6 11.O-O-O Nxe4 12.Nxe4 dxe4 13.Bc4 Nf5 14.Nb3 Qxd2+ 
15.Nxd2 g5 16.Bc7 e3 17.fxe3 O-O 18.Rhe1 Re8 19.e4 Nh4 20.g3 Ng6 21.Nb3 
Bg4 22.Rf1 Rxe4 23.Bxf7+ Kh7 24.Nc5 Rb4 25.Bxg6+ Kxg6 26.Rd6+ Kh7 27.c3 
Rb5 1/2-1/2

[Event "EU-chT Seniors 03rd"]
[Site "Dresden"]
[Date "2001.03.03"]
[Round "7.1"]
[White "Denda, Ronald"]
[Black "Hecht, Hans Joachim"]
[Result "0-1"]
[WhiteElo "1961"]
[BlackElo "2346"]
[EventDate "2001.02.26"]
[PlyCount "50"]

1.e4 c5 2.Nf3 Nc6 3.d4 cxd4 4.Nxd4 g6 5.Be3 Bg7 6.c3 Nf6 7.Nd2 O-O 8.Be2 
Qc7 9.O-O d5 10.f3 Rd8 11.Nxc6 bxc6 12.Qc2 a5 13.Nb3 Nh5 14.f4 Nf6 15.Nc5 
dxe4 16.Nxe4 Nd5 17.Bd2 Rb8 18.Rad1 Qb6+ 19.Kh1 Qxb2 20.Rc1 Qxc2 21.Rxc2 
Bf5 22.Bd3 Ne3 23.Bxe3 Rxd3 24.Ba7 Ra8 25.Nc5 Rxa7 0-1

[Event "EU-chT Seniors 03rd"]
[Site "Dresden"]
[Date "2001.03.03"]
[Round "7.1"]
[White "Eskandary, Jahja"]
[Black "Kunath, Emil"]
[Result "1-0"]
[WhiteElo "2142"]
[BlackElo "1671"]
[EventDate "2001.02.26"]
[PlyCount "61"]

1.e4 d5 2.exd5 Qxd5 3.Nc3 Qa5 4.Bc4 c6 5.d3 Bf5 6.Bd2 Qc7 7.Nge2 e6 8.Ng3 
Bg6 9.Qe2 Bd6 10.Nce4 Ne7 11.Nxd6+ Qxd6 12.Bc3 O-O 13.h4 Nd7 14.h5 Bf5 15.
h6 g6 16.Rh4 e5 17.Ne4 Bxe4 18.dxe4 b5 19.Bb3 Nc5 20.Rd1 Qf6 21.Rh3 Nxb3 
22.axb3 a5 23.Qg4 b4 24.Rf3 Qh8 25.Bd2 f5 26.exf5 Rxf5 27.Rxf5 Nxf5 28.
Qc4+ Kf8 29.Qxc6 Re8 30.Bg5 Qg8 31.Qc5+ 1-0

[Event "EU-chT Seniors 03rd"]
[Site "Dresden"]
[Date "2001.03.03"]
[Round "7.1"]
[White "Hunold, Rolf"]
[Black "Alter, Helmut"]
[Result "1/2-1/2"]
[WhiteElo "1979"]
[BlackElo "1784"]
[EventDate "2001.02.26"]
[PlyCount "90"]

1.e4 e6 2.d4 d5 3.Nc3 Bb4 4.e5 c5 5.a3 cxd4 6.axb4 dxc3 7.bxc3 Qc7 8.Qd4 
Nc6 9.Bb5 Ne7 10.Nf3 O-O 11.Qe3 Nf5 12.Qc5 a6 13.Bxc6 b6 14.Qxf8+ Kxf8 15.
b5 Ne7 16.Ba3 Bb7 17.Bd6 Qc8 18.Nd4 axb5 19.Rxa8 Qxa8 20.Bxb7 Qxb7 21.O-O 
Ke8 22.Ra1 Nc8 23.Bb4 Kd7 24.Nxb5 f6 25.f4 f5 26.Kf2 d4 27.Nxd4 Qe4 28.g3 
g5 29.fxg5 f4 30.Re1 fxg3+ 31.hxg3 Qg6 32.Rd1 Kc7 33.Rd3 Kb7 34.Nf3 Qf7 
35.Ke2 b5 36.Bc5 Nb6 37.Rd4 Nc4 38.Rd1 Qf5 39.Rd3 Na3 40.Kd2 Nc4+ 41.Ke2 
Qe4+ 42.Be3 Nxe3 43.Rxe3 Qxc2+ 44.Nd2 Qf5 45.Nf3 Qc2+ 1/2-1/2

[Event "EU-chT Seniors 03rd"]
[Site "Dresden"]
[Date "2001.03.03"]
[Round "7.1"]
[White "Kahn, Manfred"]
[Black "Rudnik, Heinz"]
[Result "1/2-1/2"]
[WhiteElo "2107"]
[BlackElo "2089"]
[EventDate "2001.02.26"]
[PlyCount "36"]

1.c4 c5 2.Nc3 Nf6 3.Nf3 Nc6 4.e3 g6 5.d4 cxd4 6.exd4 d5 7.cxd5 Nxd5 8.Qb3 
Nxc3 9.Bc4 e6 10.bxc3 Bg7 11.Bg5 Qa5 12.O-O O-O 13.Rfd1 h6 14.Bh4 Qh5 15.
Bg3 Na5 16.Qa4 Nxc4 17.Qxc4 Bd7 18.Ne5 Bxe5 1/2-1/2

[Event "EU-chT Seniors 03rd"]
[Site "Dresden"]
[Date "2001.03.03"]
[Round "7.1"]
[White "Langmann, Claus"]
[Black "Dahlhaus, Friedhelm"]
[Result "1-0"]
[WhiteElo "2001"]
[BlackElo "2120"]
[EventDate "2001.02.26"]
[PlyCount "49"]

1.e4 e5 2.Nf3 Nc6 3.Bb5 Nf6 4.d3 Bc5 5.O-O d6 6.h3 Bd7 7.c3 Bb6 8.Re1 h6 
9.Nbd2 O-O 10.Nf1 Ne7 11.Bc4 Ng6 12.Be3 c6 13.Bb3 Qe7 14.Bxb6 axb6 15.d4 
Nf4 16.Ng3 g6 17.Qd2 Rad8 18.Rad1 Bc8 19.Qe3 c5 20.Rd2 Be6 21.Bxe6 Qxe6 
22.Red1 Nd7 23.dxe5 dxe5 24.Rd6 Qe7 25.Qd2 1-0

[Event "EU-chT Seniors 03rd"]
[Site "Dresden"]
[Date "2001.03.03"]
[Round "7.1"]
[White "Rosen, Willy"]
[Black "Biebinger, Gerhard"]
[Result "0-1"]
[WhiteElo "2263"]
[BlackElo "2344"]
[EventDate "2001.02.26"]
[PlyCount "94"]

1.e4 e6 2.d4 d5 3.Nc3 Bb4 4.e5 b6 5.Qg4 Bf8 6.Nf3 Qd7 7.Bb5 c6 8.Be2 Ne7 
9.O-O Nf5 10.a3 Ba6 11.b3 Be7 12.Qh3 c5 13.a4 Nxd4 14.Nxd4 cxd4 15.Nb5 Nc6
16.Qg3 Kf8 17.f4 g6 18.f5 exf5 19.Bh6+ Ke8 20.Bd3 Bxb5 21.axb5 Nd8 22.Rxf5
gxf5 23.Qg7 Rf8 24.Qxh7 Qe6 25.Bxf5 Qxe5 26.Bxf8 Bxf8 27.Rf1 d3 28.Bxd3 
Rc8 29.g3 Rc7 30.Kg2 Re7 31.Rf5 Qe6 32.Qh5 Nb7 33.Rxd5 Nc5 34.Qf3 Nxd3 35.
Qxd3 Qe2+ 36.Kh3 Qxd3 37.Rxd3 Re2 38.c4 Bc5 39.g4 Ke7 40.g5 Bd6 41.Kg4 
Rxh2 42.Re3+ Kd7 43.Rd3 Ke6 44.Re3+ Be5 45.b4 Rb2 46.Ra3 Rxb4 47.Rxa7 
Rxc4+ 0-1

[Event "EU-chT Seniors 03rd"]
[Site "Dresden"]
[Date "2001.03.03"]
[Round "7.1"]
[White "Stavenhagen, Johannes"]
[Black "Walke, Guenter"]
[Result "1-0"]
[WhiteElo "1862"]
[BlackElo "1747"]
[EventDate "2001.02.26"]
[PlyCount "47"]

1.d4 d5 2.c4 c6 3.cxd5 cxd5 4.Nc3 Nf6 5.Bf4 e6 6.e3 a6 7.Bd3 Nc6 8.Rc1 Bd7
9.Nf3 Be7 10.O-O Nh5 11.Bg3 Nxg3 12.hxg3 h5 13.e4 dxe4 14.Bxe4 f5 15.Bc2 
h4 16.gxh4 Bxh4 17.d5 exd5 18.Re1+ Ne7 19.Nxh4 Rxh4 20.Nxd5 Kf8 21.Nxe7 
Rh6 22.Bb3 Qb8 23.Ng6+ Rxg6 24.Qxd7 1-0

[Event "EU-chT Seniors 03rd"]
[Site "Dresden"]
[Date "2001.03.03"]
[Round "7.1"]
[White "Weber, Bernd"]
[Black "Delander, Adolf"]
[Result "0-1"]
[WhiteElo "2146"]
[BlackElo "2066"]
[EventDate "2001.02.26"]
[PlyCount "102"]

1.d4 d5 2.Nf3 Nf6 3.c4 c6 4.cxd5 cxd5 5.Nc3 Nc6 6.Qb3 e6 7.Bg5 Be7 8.e3 
O-O 9.Bd3 h6 10.Bf4 Nh5 11.Be5 f6 12.Bg3 f5 13.Be5 Nf6 14.O-O Ne4 15.Rac1 
Bd6 16.Bxd6 Qxd6 17.Nb5 Qb8 18.Qd1 Bd7 19.a3 a6 20.Nc3 b5 21.b4 Qd6 22.Qe2
Rfc8 23.Rc2 Nxb4 24.axb4 Nxc3 25.Qd2 Na4 26.Rfc1 Nb6 27.Rxc8+ Rxc8 28.
Rxc8+ Bxc8 29.Ne5 Nc4 30.Bxc4 dxc4 31.f3 Bb7 32.Kf2 Bd5 33.Qc3 Qc7 34.h4 
Qe7 35.g3 g5 36.hxg5 hxg5 37.Qe1 Qh7 38.Qg1 c3 39.Ke2 g4 40.Kd3 gxf3 41.
Kxc3 Qc7+ 42.Kb2 Be4 43.Qf2 a5 44.bxa5 Qxa5 45.Nxf3 Qb4+ 46.Kc1 Qb1+ 47.
Kd2 Qc2+ 48.Ke1 Qxf2+ 49.Kxf2 Bxf3 50.Kxf3 Kg7 51.e4 b4 0-1

[Event "EU-chT Seniors 03rd"]
[Site "Dresden"]
[Date "2001.03.03"]
[Round "7.2"]
[White "Duemmke, Juergen"]
[Black "Hampel, Johannes"]
[Result "1-0"]
[WhiteElo "2050"]
[BlackElo "2079"]
[EventDate "2001.02.26"]
[PlyCount "121"]

1.Nf3 d5 2.g3 Nf6 3.Bg2 e6 4.d4 Be7 5.O-O O-O 6.c4 dxc4 7.Nbd2 a6 8.Nxc4 
b5 9.Nfe5 Nd5 10.Na5 c5 11.Nac6 Nxc6 12.Nxc6 Qc7 13.Nxe7+ Qxe7 14.e4 Nb4 
15.a3 Nc6 16.dxc5 Qxc5 17.Be3 Qe5 18.Rc1 Rd8 19.Rxc6 Rxd1 20.Rxd1 Bb7 21.
Rcd6 h6 22.R1d4 Qc5 23.Rd7 Qc8 24.Bf4 Bc6 25.Rc7 Qe8 26.Rd6 e5 27.Be3 Rc8 
28.Rdxc6 Qxc6 29.Rxc6 Rxc6 30.Bd2 Rc2 31.Bc3 f6 32.Bh3 Kf7 33.Bd7 Ke7 34.
Bc6 Kd8 35.Bb7 Kc7 36.Bxa6 Kb6 37.Bc8 Re2 38.Bf5 Kc5 39.Kf1 Rc2 40.Be6 
Rc1+ 41.Ke2 g5 42.Ke3 h5 43.Bb4+ Kb6 44.Be7 Re1+ 45.Kd3 Rd1+ 46.Ke2 Rb1 
47.b3 Rh1 48.h3 Rc1 49.Bxf6 Rc2+ 50.Kf3 Rc3+ 51.Kg2 Rc6 52.Bd8+ Kc5 53.Bf5
Kd6 54.a4 bxa4 55.bxa4 Rc4 56.a5 Ra4 57.g4 hxg4 58.hxg4 Ra3 59.Bc8 Ra4 60.
Bb7 Kc5 61.a6 1-0

[Event "EU-chT Seniors 03rd"]
[Site "Dresden"]
[Date "2001.03.03"]
[Round "7.2"]
[White "Eis, Helko"]
[Black "Nautsch, Werner"]
[Result "0-1"]
[WhiteElo "2083"]
[BlackElo "2206"]
[EventDate "2001.02.26"]
[PlyCount "64"]

1.Nf3 g6 2.e4 Bg7 3.d4 d6 4.Nc3 Nc6 5.d5 Ne5 6.Nxe5 Bxe5 7.Be2 a6 8.Be3 b5
9.Bd4 Nf6 10.O-O Bd7 11.a3 O-O 12.f4 Bxd4+ 13.Qxd4 c5 14.Qe3 b4 15.axb4 
cxb4 16.Nd1 Qc7 17.c4 a5 18.Nf2 a4 19.e5 Ne8 20.Ne4 dxe5 21.f5 Bxf5 22.
Rxf5 gxf5 23.Qg5+ Ng7 24.Ng3 Qb6+ 25.Kh1 Qg6 26.Qxe7 f4 27.Nf1 Qe4 28.Bf3 
Qxc4 29.Qxe5 a3 30.Nd2 axb2 31.Qxb2 Qc3 32.Rb1 Qxb2 0-1

[Event "EU-chT Seniors 03rd"]
[Site "Dresden"]
[Date "2001.03.03"]
[Round "7.2"]
[White "Gradl, Rudolf"]
[Black "Mueller, Siegmar"]
[Result "1/2-1/2"]
[WhiteElo "1687"]
[BlackElo "1839"]
[EventDate "2001.02.26"]
[PlyCount "62"]

1.d4 b6 2.e4 Bb7 3.Nc3 e6 4.a3 Nf6 5.Bd3 c5 6.Nf3 cxd4 7.Nxd4 Nc6 8.Nxc6 
Bxc6 9.Bf4 Bc5 10.Qe2 Qe7 11.Rd1 e5 12.Be3 O-O 13.O-O Bxe3 14.Qxe3 Qe6 15.
Be2 Rad8 16.Rd2 d5 17.exd5 Bxd5 18.Rfd1 Rd7 19.Nxd5 Rxd5 20.Rxd5 Nxd5 21.
Qe4 Nf4 22.Bc4 Qg6 23.Qxg6 Nxg6 24.g3 Rc8 25.Bb3 Nf8 26.Rd2 Rc7 27.c3 Rd7 
28.Rxd7 Nxd7 29.Bc2 Kf8 30.Kf1 Ke7 31.Ke2 g6 1/2-1/2

[Event "EU-chT Seniors 03rd"]
[Site "Dresden"]
[Date "2001.03.03"]
[Round "7.2"]
[White "Hesse, Manfred"]
[Black "Hellbing, Horst"]
[Result "0-1"]
[WhiteElo "1825"]
[BlackElo "1983"]
[EventDate "2001.02.26"]
[PlyCount "140"]

1.c4 Nf6 2.Nc3 g6 3.d4 Bg7 4.e4 d6 5.Bd3 Nbd7 6.Nge2 e5 7.d5 Nc5 8.Bc2 a5 
9.O-O O-O 10.f4 exf4 11.Bxf4 Nh5 12.Be3 Bg4 13.Bd4 Qg5 14.Bxg7 Kxg7 15.
Qd4+ Kg8 16.Rf2 Rfe8 17.a3 b6 18.Raf1 Nd7 19.Nb5 Bxe2 20.Rxe2 Nf4 21.Rd2 
Ne5 22.Kh1 Re7 23.b3 Nh5 24.g3 Nf6 25.Qf2 Nfg4 26.Qf4 f6 27.Nd4 Qxf4 28.
Rxf4 Nh6 29.Re2 Rc8 30.Kg2 Nd7 31.h3 Nf7 32.Nc6 Ree8 33.Na7 Ra8 34.Nb5 
Rec8 35.Nd4 Nfe5 36.Ref2 Rab8 37.Nc6 Nxc6 38.dxc6 Ne5 39.Rxf6 Rf8 40.Rxf8+
Rxf8 41.Rxf8+ Kxf8 42.Kf2 Nxc6 43.Ke3 Ke7 44.Bd1 Kf6 45.Bc2 Ke5 46.Kd3 Nd4
47.Bd1 Ne6 48.h4 Nc5+ 49.Ke3 Nxe4 50.g4 h6 51.Bc2 Nf6 52.g5 hxg5 53.hxg5 
Nh7 54.Bxg6 Nxg5 55.b4 Ne6 56.Bh5 Nd4 57.Bd1 c6 58.Kd3 d5 59.Bh5 Ne6 60.
Be8 Nf4+ 61.Kc2 d4 62.Kd2 c5 63.bxc5 bxc5 64.Ba4 d3 65.Be8 Kd4 66.Bf7 Nh3 
67.Bg6 Nf2 68.Bf7 Ne4+ 69.Kd1 Kc3 70.Bd5 Nf2+ 0-1

[Event "EU-chT Seniors 03rd"]
[Site "Dresden"]
[Date "2001.03.03"]
[Round "7.2"]
[White "Lauterbach, Eberhard"]
[Black "Koksch, Guenther"]
[Result "0-1"]
[WhiteElo "1293"]
[BlackElo "1996"]
[EventDate "2001.02.26"]
[PlyCount "50"]

1.d4 e6 2.c4 f5 3.g3 Nf6 4.Bg2 Be7 5.Nc3 d6 6.Nf3 O-O 7.O-O a5 8.b3 Na6 9.
a3 c6 10.Nd2 e5 11.e3 Qe8 12.Ne2 Bd7 13.Bb2 Bd8 14.Nf3 e4 15.Nd2 Bc7 16.
Bh3 Qh5 17.Nf4 Qh6 18.Kg2 g5 19.f3 gxf4 20.exf4 d5 21.c5 Rf7 22.Re1 Rg7 
23.g4 Bxf4 24.Nf1 exf3+ 25.Qxf3 fxg4 0-1

[Event "EU-chT Seniors 03rd"]
[Site "Dresden"]
[Date "2001.03.03"]
[Round "7.2"]
[White "Ljuboschitz, Alexander"]
[Black "Pojedziniec, Wladyslaw"]
[Result "1/2-1/2"]
[WhiteElo "2116"]
[BlackElo "2225"]
[EventDate "2001.02.26"]
[PlyCount "40"]

1.e4 c5 2.Nf3 e6 3.d4 cxd4 4.Nxd4 a6 5.Bd3 Nf6 6.O-O Qc7 7.Qe2 d6 8.c4 Nc6
9.Nxc6 bxc6 10.f4 e5 11.f5 Be7 12.Nc3 Bb7 13.Bg5 h6 14.Be3 O-O 15.Rac1 
Rfe8 16.Kh1 Qa5 17.Bd2 Qd8 18.Rcd1 Qc7 19.Rc1 Qd8 20.Rcd1 Qc7 1/2-1/2

[Event "EU-chT Seniors 03rd"]
[Site "Dresden"]
[Date "2001.03.03"]
[Round "7.2"]
[White "Rahls, Peter"]
[Black "Starke, Burkhard"]
[Result "1-0"]
[WhiteElo "2299"]
[BlackElo "2089"]
[EventDate "2001.02.26"]
[PlyCount "75"]

1.e4 c6 2.c4 d5 3.cxd5 cxd5 4.exd5 Nf6 5.Qa4+ Nbd7 6.Nc3 a6 7.Nf3 Rb8 8.
Qf4 b5 9.Nd4 Qb6 10.a4 g5 11.Qe3 Ng4 12.a5 Qc5 13.Qg3 Qxd4 14.Be2 Ngf6 15.
d3 h6 16.h4 g4 17.Be3 Qb4 18.O-O Rg8 19.Rac1 e5 20.dxe6 fxe6 21.Ne4 Nxe4 
22.dxe4 Bd6 23.Bf4 e5 24.Bxh6 Nf6 25.Qd3 Nxe4 26.Qd5 Nf6 27.Rxc8+ Kd7 28.
Qc6+ Ke7 29.Rxb8 Rxb8 30.Bg5 Rf8 31.Rd1 Rf7 32.Qxa6 Bc5 33.Qc8 g3 34.Rd7+ 
Ke6 35.Rd4+ Ke7 36.Rxb4 gxf2+ 37.Kf1 Bxb4 38.Bxb5 1-0

[Event "EU-chT Seniors 03rd"]
[Site "Dresden"]
[Date "2001.03.03"]
[Round "7.2"]
[White "Scheipl, Ralf"]
[Black "Braun, Gottfried"]
[Result "1/2-1/2"]
[WhiteElo "2295"]
[BlackElo "2231"]
[EventDate "2001.02.26"]
[PlyCount "63"]

1.c4 e5 2.Nc3 f5 3.g3 Nf6 4.Bg2 Nc6 5.d3 Bb4 6.Bd2 a5 7.a3 Bxc3 8.Bxc3 a4 
9.Nf3 d6 10.O-O O-O 11.c5 Be6 12.cxd6 cxd6 13.e3 Na5 14.Qe2 Nb3 15.Rad1 
Nd5 16.Nd2 Qc7 17.Bxd5 Bxd5 18.Nxb3 Bxb3 19.Rc1 Qd7 20.f4 Rae8 21.Qd2 exf4
22.Rxf4 Bd5 23.Rcf1 Qe6 24.Bd4 Bc6 25.Qf2 g6 26.e4 Qb3 27.Bc3 Qb5 28.Qd4 
Qc5 29.exf5 Re2 30.R4f2 Qxd4 31.Bxd4 Rxf2 32.Rxf2 1/2-1/2

[Event "EU-chT Seniors 03rd"]
[Site "Dresden"]
[Date "2001.03.03"]
[Round "7.2"]
[White "Schneider, Georg"]
[Black "Weigel, Hans Juergen"]
[Result "1-0"]
[WhiteElo "2106"]
[BlackElo "1958"]
[EventDate "2001.02.26"]
[PlyCount "61"]

1.e4 e6 2.d4 d5 3.Nc3 Nf6 4.Bg5 dxe4 5.Nxe4 Be7 6.Bxf6 Bxf6 7.Nf3 Nd7 8.
Bd3 O-O 9.g4 c5 10.g5 Bxd4 11.Nxd4 cxd4 12.Qh5 g6 13.Qh6 Qa5+ 14.Ke2 Qe5 
15.f4 Qg7 16.Qh4 b6 17.Nf6+ Kh8 18.Rag1 Nxf6 19.gxf6 Qg8 20.Rg5 Rd8 21.
Rhg1 e5 22.Rxg6 Qxg6 23.Bxg6 fxg6 24.fxe5 Bf5 25.f7 h5 26.Qf6+ Kh7 27.Kd2 
Rac8 28.Rc1 d3 29.c4 b5 30.c5 Rf8 31.c6 1-0

[Event "EU-chT Seniors 03rd"]
[Site "Dresden"]
[Date "2001.03.03"]
[Round "7.2"]
[White "Weise, Wolfgang"]
[Black "Jaeger, Erich"]
[Result "1/2-1/2"]
[WhiteElo "2148"]
[BlackElo "1932"]
[EventDate "2001.02.26"]
[PlyCount "27"]

1.d4 Nf6 2.Nf3 g6 3.g3 Bg7 4.Bg2 O-O 5.c4 d6 6.O-O c5 7.e3 Nc6 8.d5 Ne5 9.
Nxe5 dxe5 10.Nc3 Ne8 11.e4 Nd6 12.Qe2 Bd7 13.h3 f5 14.f4 1/2-1/2

[Event "EU-chT Seniors 03rd"]
[Site "Dresden"]
[Date "2001.03.03"]
[Round "7.3"]
[White "Appelt, Gerd"]
[Black "Harzer, Paul"]
[Result "1/2-1/2"]
[WhiteElo "1991"]
[BlackElo "2066"]
[EventDate "2001.02.26"]
[PlyCount "47"]

1.e4 e6 2.d4 d5 3.e5 c5 4.c3 Qb6 5.Bd3 Nc6 6.Nf3 cxd4 7.cxd4 Bd7 8.O-O 
Nxd4 9.Nxd4 Qxd4 10.Nc3 a6 11.Qe2 Ne7 12.Kh1 Nc6 13.f4 Nb4 14.Bb1 Qc4 15.
Qd1 d4 16.Ne4 Bb5 17.Re1 Nd3 18.b3 Qxc1 19.Bxd3 Qxd1 20.Bxb5+ axb5 21.
Rexd1 O-O-O 22.Rd3 Be7 23.Rad1 f5 24.exf6 1/2-1/2

[Event "EU-chT Seniors 03rd"]
[Site "Dresden"]
[Date "2001.03.03"]
[Round "7.3"]
[White "Beckel, Friedrich"]
[Black "Brameyer, Hermann"]
[Result "1/2-1/2"]
[WhiteElo "1955"]
[BlackElo "2215"]
[EventDate "2001.02.26"]
[PlyCount "119"]

1.e4 c5 2.Nf3 e6 3.d4 cxd4 4.Nxd4 Nc6 5.Nc3 Qc7 6.Ndb5 Qb8 7.a4 d6 8.Bd3 
Be7 9.O-O Nf6 10.Be3 O-O 11.a5 a6 12.Nd4 e5 13.Nxc6 bxc6 14.Na4 Be6 15.Nb6
Ra7 16.f3 d5 17.c3 Rd8 18.Qe2 dxe4 19.Bxe4 Nxe4 20.fxe4 c5 21.Rad1 Rxd1 
22.Rxd1 f6 23.Qf2 Rc7 24.c4 Qb7 25.Qc2 Bf8 26.Rd8 Kf7 27.Qd3 Be7 28.Rh8 h6
29.Bxh6 g5 30.h4 g4 31.Nd5 Rd7 32.Bc1 Kg7 33.Rh5 Bf7 34.Qe3 Bxh5 35.Qh6+ 
Kf7 36.Qxh5+ Ke6 37.Qxg4+ Kd6 38.Nb6 Rd8 39.h5 Bf8 40.h6 Qf7 41.Be3 Kc7 
42.Nd5+ Kb8 43.Qf5 Rd7 44.Kf2 Rb7 45.Bc1 Qh7 46.Qe6 Bxh6 47.Nxf6 Qg7 48.
Qxe5+ Ka8 49.Bxh6 Qf7 50.Qe8+ Qxe8 51.Nxe8 Rxb2+ 52.Kf3 Kb7 53.g4 Kc6 54.
Be3 Ra2 55.g5 Kd7 56.Nf6+ Ke6 57.Nd5 Rxa5 58.g6 Ra1 59.Nc7+ Kf6 60.Nxa6 
1/2-1/2

[Event "EU-chT Seniors 03rd"]
[Site "Dresden"]
[Date "2001.03.03"]
[Round "7.3"]
[White "Kohlschmidt, Christoph"]
[Black "Kaden, Guenter"]
[Result "1/2-1/2"]
[WhiteElo "1826"]
[BlackElo "1809"]
[EventDate "2001.02.26"]
[PlyCount "35"]

1.e4 c6 2.d4 d5 3.Nc3 dxe4 4.Nxe4 Bf5 5.Ng3 Bg6 6.h4 h6 7.Nf3 Nd7 8.Bc4 
Qc7 9.Bd2 e6 10.Bb3 Bd6 11.h5 Bh7 12.Rh3 Ngf6 13.Qe2 O-O 14.O-O-O Rfe8 15.
Re1 e5 16.dxe5 Nxe5 17.Nxe5 Bxe5 18.Qf1 1/2-1/2

[Event "EU-chT Seniors 03rd"]
[Site "Dresden"]
[Date "2001.03.03"]
[Round "7.3"]
[White "Krawiec, Witold"]
[Black "Khanukov, Boris"]
[Result "0-1"]
[WhiteElo "2000"]
[BlackElo "2263"]
[EventDate "2001.02.26"]
[PlyCount "78"]

1.e4 d6 2.d4 g6 3.Bd3 Bg7 4.c3 c5 5.d5 Nf6 6.f4 O-O 7.Nf3 a6 8.a4 c4 9.Bc2
Bg4 10.Qe2 Qc7 11.Nbd2 Rc8 12.O-O Nbd7 13.h3 Bxf3 14.Nxf3 Nc5 15.Nd4 Qd7 
16.g4 e6 17.g5 Nh5 18.Qf3 exd5 19.exd5 Bxd4+ 20.cxd4 Nb3 21.Bxb3 cxb3 22.
Bd2 Rc2 23.Bc3 Re8 24.Rae1 Qxa4 25.f5 Qd7 26.Rxe8+ Qxe8 27.Re1 Qd7 28.f6 
h6 29.h4 Qf5 30.Qxf5 gxf5 31.Re8+ Kh7 32.Re7 hxg5 33.hxg5 Kg6 34.Rxb7 f4 
35.Rxb3 Ng3 36.Be1 Ne4 37.Rb6 f3 38.Kf1 Rc1 39.Rxd6 Rb1 0-1

[Event "EU-chT Seniors 03rd"]
[Site "Dresden"]
[Date "2001.03.03"]
[Round "7.3"]
[White "Morgner, Siegfried"]
[Black "Schulz, Guenter"]
[Result "1-0"]
[WhiteElo "1662"]
[BlackElo "1705"]
[EventDate "2001.02.26"]
[PlyCount "119"]

1.Nf3 Nf6 2.d4 d5 3.c4 e6 4.Nc3 Bb4 5.Qa4+ Nc6 6.Bd2 Bxc3 7.Bxc3 O-O 8.e3 
Ne4 9.Rc1 Bd7 10.Qb3 Nxc3 11.Qxc3 Ne7 12.Bd3 dxc4 13.Bxc4 Bc6 14.Be2 Rc8 
15.O-O Nd5 16.Qc2 Be8 17.a3 g6 18.g3 Kg7 19.e4 Nf6 20.Rfd1 Bc6 21.Bd3 a6 
22.Ne5 Qxd4 23.Nxc6 bxc6 24.Bxa6 Qxe4 25.Qxe4 Nxe4 26.Bxc8 Rxc8 27.Rxc6 
Nf6 28.Rdc1 Nd5 29.a4 Rb8 30.Rb1 Rb7 31.a5 Nb4 32.Rc4 Kf6 33.Rbc1 Nd3 34.
Rb1 Ne5 35.Ra4 Nf3+ 36.Kg2 Nd2 37.a6 Ra7 38.Rc1 e5 39.Rxc7 Rxc7 40.a7 Rxa7
41.Rxa7 Nb3 42.f3 Ke6 43.h4 h5 44.Kf2 f6 45.Rg7 Kf5 46.Rh7 Nc5 47.Ke3 Nb3 
48.Rb7 Nc5 49.Rb4 Nd7 50.g4+ hxg4 51.fxg4+ Ke6 52.Rb5 f5 53.h5 f4+ 54.Kf3 
gxh5 55.gxh5 Kf5 56.h6 Nf6 57.b4 Nh7 58.Rb7 Ng5+ 59.Ke2 Kg6 60.h7 1-0